<?xml version="1.0" encoding="UTF-8"?>
<record
    xmlns:xsi="http://www.w3.org/2001/XMLSchema-instance"
    xsi:schemaLocation="http://www.loc.gov/MARC21/slim http://www.loc.gov/standards/marcxml/schema/MARC21slim.xsd"
    xmlns="http://www.loc.gov/MARC21/slim">

  <leader>00346nam a22001217a 4500</leader>
  <datafield tag="999" ind1=" " ind2=" ">
    <subfield code="c">8428</subfield>
    <subfield code="d">8428</subfield>
  </datafield>
  <controlfield tag="008">200125b           ||||| |||| 00| 0 eng d</controlfield>
  <datafield tag="020" ind1=" " ind2=" ">
    <subfield code="a">9789332585492</subfield>
  </datafield>
  <datafield tag="100" ind1=" " ind2=" ">
    <subfield code="a">KUROSE, James F and ROSS, Keith W</subfield>
  </datafield>
  <datafield tag="245" ind1=" " ind2=" ">
    <subfield code="a">Computer Networking: A Top-Down Approach</subfield>
  </datafield>
  <datafield tag="250" ind1=" " ind2=" ">
    <subfield code="a">Sixth edition</subfield>
  </datafield>
  <datafield tag="260" ind1=" " ind2=" ">
    <subfield code="a">New Delhi</subfield>
    <subfield code="b">Pearson Education</subfield>
  </datafield>
  <datafield tag="942" ind1="0" ind2="0">
    <subfield code="2">ddc</subfield>
    <subfield code="c">BK</subfield>
    <subfield code="0">10</subfield>
  </datafield>
  <datafield tag="952" ind1=" " ind2=" ">
    <subfield code="0">0</subfield>
    <subfield code="1">0</subfield>
    <subfield code="2">ddc</subfield>
    <subfield code="4">0</subfield>
    <subfield code="7">0</subfield>
    <subfield code="8">MCA</subfield>
    <subfield code="a">PIET</subfield>
    <subfield code="b">PIET</subfield>
    <subfield code="d">2020-01-25</subfield>
    <subfield code="e">KIRTI PRAKASHAN NEW DELHI</subfield>
    <subfield code="f">IN Rupees</subfield>
    <subfield code="g">879.00</subfield>
    <subfield code="k">IN5959</subfield>
    <subfield code="l">0</subfield>
    <subfield code="o">004.6 KUC</subfield>
    <subfield code="p">31568</subfield>
    <subfield code="r">2020-01-25 00:00:00</subfield>
    <subfield code="t">1</subfield>
    <subfield code="v">597.60</subfield>
    <subfield code="w">2020-01-03</subfield>
    <subfield code="y">REF</subfield>
  </datafield>
  <datafield tag="952" ind1=" " ind2=" ">
    <subfield code="0">0</subfield>
    <subfield code="1">0</subfield>
    <subfield code="2">ddc</subfield>
    <subfield code="4">0</subfield>
    <subfield code="7">0</subfield>
    <subfield code="8">MCA</subfield>
    <subfield code="a">PIET</subfield>
    <subfield code="b">PIET</subfield>
    <subfield code="d">2020-01-25</subfield>
    <subfield code="e">KIRTI PRAKASHAN NEW DELHI</subfield>
    <subfield code="f">IN Rupees</subfield>
    <subfield code="g">879.00</subfield>
    <subfield code="k">IN5959</subfield>
    <subfield code="l">5</subfield>
    <subfield code="o">004.6 KUC</subfield>
    <subfield code="p">31569</subfield>
    <subfield code="r">2025-08-25 00:00:00</subfield>
    <subfield code="s">2025-06-06</subfield>
    <subfield code="t">2</subfield>
    <subfield code="v">597.60</subfield>
    <subfield code="w">2020-01-03</subfield>
    <subfield code="y">BK</subfield>
  </datafield>
  <datafield tag="952" ind1=" " ind2=" ">
    <subfield code="0">0</subfield>
    <subfield code="1">0</subfield>
    <subfield code="2">ddc</subfield>
    <subfield code="4">0</subfield>
    <subfield code="7">0</subfield>
    <subfield code="8">MCA</subfield>
    <subfield code="a">PIET</subfield>
    <subfield code="b">PIET</subfield>
    <subfield code="d">2020-01-25</subfield>
    <subfield code="e">KIRTI PRAKASHAN NEW DELHI</subfield>
    <subfield code="f">IN Rupees</subfield>
    <subfield code="g">879.00</subfield>
    <subfield code="k">IN5959</subfield>
    <subfield code="l">4</subfield>
    <subfield code="o">004.6 KUC</subfield>
    <subfield code="p">31570</subfield>
    <subfield code="r">2023-09-27 00:00:00</subfield>
    <subfield code="s">2023-09-15</subfield>
    <subfield code="t">3</subfield>
    <subfield code="v">597.60</subfield>
    <subfield code="w">2020-01-03</subfield>
    <subfield code="y">BK</subfield>
  </datafield>
  <datafield tag="952" ind1=" " ind2=" ">
    <subfield code="0">0</subfield>
    <subfield code="1">0</subfield>
    <subfield code="2">ddc</subfield>
    <subfield code="4">0</subfield>
    <subfield code="7">0</subfield>
    <subfield code="8">CSECS</subfield>
    <subfield code="a">PIET</subfield>
    <subfield code="b">PIET</subfield>
    <subfield code="d">2020-01-25</subfield>
    <subfield code="e">KIRTI PRAKASHAN NEW DELHI</subfield>
    <subfield code="f">IN Rupees</subfield>
    <subfield code="g">879.00</subfield>
    <subfield code="k">IN5959</subfield>
    <subfield code="l">2</subfield>
    <subfield code="o">004.6 KUC</subfield>
    <subfield code="p">31571</subfield>
    <subfield code="r">2021-11-29 00:00:00</subfield>
    <subfield code="s">2021-11-10</subfield>
    <subfield code="t">4</subfield>
    <subfield code="v">597.60</subfield>
    <subfield code="w">2020-01-03</subfield>
    <subfield code="y">BK</subfield>
  </datafield>
  <datafield tag="952" ind1=" " ind2=" ">
    <subfield code="0">0</subfield>
    <subfield code="1">0</subfield>
    <subfield code="2">ddc</subfield>
    <subfield code="4">0</subfield>
    <subfield code="7">0</subfield>
    <subfield code="8">CSEAIML</subfield>
    <subfield code="a">PIET</subfield>
    <subfield code="b">PIET</subfield>
    <subfield code="d">2020-01-25</subfield>
    <subfield code="e">KIRTI PRAKASHAN NEW DELHI</subfield>
    <subfield code="f">IN Rupees</subfield>
    <subfield code="g">879.00</subfield>
    <subfield code="k">IN5959</subfield>
    <subfield code="l">5</subfield>
    <subfield code="o">004.6 KUC</subfield>
    <subfield code="p">31572</subfield>
    <subfield code="r">2023-01-30 00:00:00</subfield>
    <subfield code="s">2023-01-12</subfield>
    <subfield code="t">5</subfield>
    <subfield code="v">597.60</subfield>
    <subfield code="w">2020-01-03</subfield>
    <subfield code="y">BK</subfield>
  </datafield>
</record>
